NFL Teams Best Head Coach Since 2000 - Statistics

General Stats
  • This quiz has been taken 37 times
  • The average score is 24 of 32
Answer Stats
Team Coach % Correct
KAN Andy Reid
100%
PHI Andy Reid
100%
LAC Jim Harbaugh
97%
BAL John Harbaugh
97%
NOS Sean Payton
97%
NEP Bill Belichick
90%
SFF Kyle Shanahan
90%
DEN Mike Shanahan
90%
WAS Mike Shanahan
90%
PIT Mike Tomlin
90%
SEA Pete Carroll
90%
LAR Sean McVay
81%
DET Dan Campbell
77%
BUF Sean McDermott
77%
DAL Mike McCarthy
74%
CLE Kevin Stefanski
71%
GBP Matt LaFleur
71%
ARI Bruce Arians
68%
NYJ Rex Ryan
68%
CAR Ron Rivera
68%
LVR Jon Gruden
65%
IND Tony Dungy
65%
TBB Tony Dungy
65%
MIA Mike McDaniel
61%
MIN Kevin O'Connell
58%
JAX Tom Coughlin
58%
NYG Tom Coughlin
58%
ATL Dan Quinn
55%
CHI Lovie Smith
55%
HOU Gary Kubiak
48%
TEN Jeff Fisher
48%
CIN Marvin Lewis
48%
No matching quizzes found
Score Distribution
Percent of People with Each Score
Percentile by Number Answered
Your Score History
You have not taken this quiz